| 000 | 00624cam a22002171 4500 | ||
|---|---|---|---|
| 001 | ca 35000156 | ||
| 003 | DLC | ||
| 005 | 20260227111137.0 | ||
| 008 | 940413s1934 cau 000 0 eng | ||
| 010 | _aca 35000156 | ||
| 035 | _a(OCoLC)30136838 | ||
| 040 |
_aDLC _cCU _dDLC |
||
| 042 | _apremarc | ||
| 050 | 0 | 0 |
_aPS3531.E287 _bC3 1934 |
| 082 | _a811.5 | ||
| 100 | 1 | _aPeffer, Susannah Pollock. | |
| 245 | 1 | 0 |
_aCalifornia memories, _cby Susannah Pollock Peffer. |
| 260 |
_a[Los Angeles, _bPrinted by the Broadway Press, Inc.] _cc1934. |
||
| 300 |
_a7 l. _c23 cm. |
||
| 651 | 0 |
_aCalifornia _xDescription and travel _vPoetry. |
|
| 999 |
_c17758 _d17758 |
||